000 00724nam a2200217 4500
003 OSt
005 20260530115306.0
008 260420b2009 mx a|||| |||| 00| 0 spa d
040 _aICI
_bspa
_cICI
050 _aTD398
_bA43
100 1 _aComisión Estatal de Aguas del edo. de Qro
_931982
245 1 0 _aAcueducto II
_b la historia detrás de la historia : Querétaro
264 1 _bDiatel,
_c2009
_a Querétaro, Qro.
300 _a168 páginas
_b ilustraciones
_c29.cm.
336 _atexto
_2rdacontent
337 _asin medio
_2rdamedia
338 _avolumen
_2rdacarrier
650 4 _aAcueductos
_zQuerétaro (Ciudad)
_931983
650 4 _aAcueductos
_x Diseño y construcción
_zQuerétaro (Ciudad)
_931984
942 _2ddc
_cBK
999 _c13100
_d13100